| 000 | 01209cam a22002894a 4500 | ||
|---|---|---|---|
| 999 |
_c478295 _d478295 |
||
| 001 | 11957337 | ||
| 003 | NUST | ||
| 005 | 20180521043912.0 | ||
| 008 | 000329s2000 njua b 100 0 eng | ||
| 010 | _a 00037042 | ||
| 020 | _a186094230X (alk. paper) | ||
| 040 |
_aDLC _cDLC _dDLC |
||
| 042 | _apcc | ||
| 050 | 0 | 0 |
_aQC19.2 _b.M369 2000 |
| 082 | 0 | 0 |
_a530.15 _221 |
| 245 | 0 | 0 |
_aMathematical physics 2000 / _cedited by A. Fokas ... [et al.]. |
| 260 |
_aRiver Edge, NJ : _bImperial College Press, _cc2000. |
||
| 300 |
_avii, 326 p. : _bill. ; _c26 cm. |
||
| 500 | _aBased on the International Congress on Mathematical Physics , to be held at Imperial College, London, 2000. Cf. Pref. | ||
| 504 | _aIncludes bibliographical references. | ||
| 650 | 0 |
_aMathematical physics _vCongresses. _910315 |
|
| 700 | 1 |
_aFokas, A. S., _d1952- _910316 |
|
| 711 | 2 |
_aInternational Conference on Mathematical Physics _n(13th : _d2000 : _cImperial College, London) _910317 |
|
| 906 |
_a7 _bcbc _corignew _d1 _eocip _f20 _gy-gencatlg |
||
| 942 |
_2ddc _cBK |
||